000 00469nam a2200145Ia 4500
003 OSt
005 20260114163017.0
008 211028s2012 xx 000 0 und d
040 _cAIMIT LIBRARY
041 _aeng
100 _aMahin, Faizal Muhammad; Madhukar S M.
_g1016053
_96926
245 _aTo formulate strategies to increase the sales of fr.muller homeopathy products in Dakshina Kannada /
260 _aDakshina Kannada
_bMadhukar S M
_c2012
942 _2ddc
_cPRO
999 _c218496
_d218496